[Event "CYCC U18"]
[Site "Windsor CAN"]
[Date "2016.07.08"]
[Round "7.8"]
[White "Pruthi, Vijit"]
[Black "Pobereshnikova, Agniya"]
[Result "0-1"]
[WhiteElo "1125"]
[BlackElo "1632"]
[PlyCount "62"]
[EventDate "2016.07.05"]
[EventType "swiss"]
[EventRounds "7"]
[EventCountry "CAN"]

1. e4 c5 2. Nf3 e6 3. Nc3 a6 4. a4 Nc6 5. Be2 Nf6 6. b3 d5 7. e5 Ng4 8. d4 cxd4
9. Nxd4 Ngxe5 10. Bf4 Bb4 11. Qd2 Qa5 12. Nxc6 Nxc6 13. O-O Bxc3 14. Qd3 Bxa1
15. Rxa1 e5 16. Bd2 e4 17. Qe3 Qd8 18. Qg3 Qf6 19. Re1 Qg6 20. Qxg6 hxg6 21. h3
Bf5 22. g4 Be6 23. Kg2 Kd7 24. f3 f5 25. fxe4 dxe4 26. Bc3 Rhg8 27. Rd1+ Ke7
28. Bb2 Rad8 29. Ba3+ Kf7 30. gxf5 gxf5 31. Bh5+ g6 0-1

[Event "Campbell mem."]
[Site "Winnipeg CAN"]
[Date "2016.11.01"]
[Round "1"]
[White "Einarsson, Ken"]
[Black "Marshall, Carter"]
[Result "1-0"]
[WhiteElo "1762"]
[BlackElo "1460"]
[PlyCount "83"]
[EventDate "2016.11.01"]
[EventType "swiss"]
[EventRounds "7"]
[EventCountry "CAN"]

1. d4 d5 2. c4 c6 3. e3 Nf6 4. Nc3 Bf5 5. Nf3 Nbd7 6. Qb3 Qc7 7. cxd5 cxd5 8.
Nxd5 Nxd5 9. Qxd5 e6 10. Qc4 Qb6 11. Qb5 Bd6 12. Be2 a6 13. Qxb6 Nxb6 14. O-O
O-O 15. Bd2 Nd5 16. Rac1 Bb4 17. a3 Bxd2 18. Nxd2 Rac8 19. e4 Nf4 20. Bf3 Bg6
21. Rc3 f5 22. e5 Rcd8 23. Nb3 Bh5 24. Bxh5 Nxh5 25. Rd1 g5 26. Nc5 Rfe8 27.
Nxb7 Rb8 28. Nd6 Red8 29. Rd2 g4 30. g3 f4 31. Rdc2 fxg3 32. hxg3 Ng7 33. b4
Kf8 34. Rc6 Ne8 35. Nxe8 Kxe8 36. Rxe6+ Kf7 37. Rxa6 Rxd4 38. e6+ Kf6 39. Re2
Ke7 40. Ra7+ Ke8 41. Rxh7 Rb6 42. e7 1-0

[Event "Campbell mem."]
[Site "Winnipeg CAN"]
[Date "2016.11.01"]
[Round "1"]
[White "Marshall, Ken"]
[Black "Green, Jim"]
[Result "0-1"]
[WhiteElo "1456"]
[BlackElo "1776"]
[PlyCount "80"]
[EventDate "2016.11.01"]
[EventType "swiss"]
[EventRounds "7"]
[EventCountry "CAN"]

1. e4 e5 2. Nf3 Nf6 3. Nxe5 d6 4. Nf3 Nxe4 5. d3 Nf6 6. h3 Be7 7. Nc3 O-O 8. b3
d5 9. Bb2 d4 10. Ne4 Nxe4 11. dxe4 Bb4+ 12. Nd2 Re8 13. Bd3 c5 14. O-O Nc6 15.
Qf3 Bxd2 16. Rad1 Bh6 17. c3 Ne5 18. Qe2 Nxd3 19. Rxd3 Qe7 20. cxd4 cxd4 21.
Rxd4 Bd7 22. Re1 Bc6 23. Qd3 Rad8 24. e5 Rxd4 25. Bxd4 Qg5 26. f3 a6 27. Qc4
Bxf3 28. Qf1 Bd5 29. Be3 Qg6 30. Bd4 Qg3 31. Bf2 Qg6 32. Bd4 Bg5 33. a4 Bd8 34.
b4 Bb6 35. Bxb6 Qxb6+ 36. Kh1 Qxb4 37. Rb1 Qxa4 38. Rd1 Qb3 39. Rd3 Bc4 40.
Rxb3 Bxf1 0-1

[Event "Campbell mem."]
[Site "Winnipeg CAN"]
[Date "2016.11.01"]
[Round "1"]
[White "Pryce, Brian"]
[Black "Magyar, Peter"]
[Result "1-0"]
[WhiteElo "1793"]
[BlackElo "1598"]
[PlyCount "65"]
[EventDate "2016.11.01"]
[EventType "swiss"]
[EventRounds "7"]
[EventCountry "CAN"]

1. d4 e6 2. c4 c5 3. d5 d6 4. Nc3 Nf6 5. Bg5 Be7 6. Nf3 a6 7. e4 e5 8. Be2 Bg4
9. h3 Bxf3 10. Bxf3 Nxd5 11. Qxd5 Bxg5 12. Qxb7 Nd7 13. Bg4 Nf6 14. Qc6+ Kf8
15. Bf3 g6 16. Rd1 Kg7 17. Qxd6 Qa5 18. Qxe5 Bh6 19. O-O Rhe8 20. Qg3 Rad8 21.
e5 Ng8 22. Bd5 Ne7 23. f4 Nf5 24. Qf2 Nd4 25. g4 Kf8 26. f5 Rxe5 27. Rde1 Rde8
28. fxg6 Nf5 29. gxf7 R8e7 30. gxf5 Be3 31. Rxe3 Rxe3 32. f6 R7e6 33. Qg2 1-0

[Event "Campbell mem."]
[Site "Winnipeg CAN"]
[Date "2016.11.01"]
[Round "1"]
[White "Trueman, Francis"]
[Black "Letain, Cory"]
[Result "0-1"]
[WhiteElo "1429"]
[BlackElo "1731"]
[PlyCount "38"]
[EventDate "2016.11.01"]
[EventType "swiss"]
[EventRounds "7"]
[EventCountry "CAN"]

1. e4 e5 2. d3 Nc6 3. Nd2 Nf6 4. Ngf3 Bc5 5. h3 d5 6. g3 h6 7. Bg2 O-O 8. O-O
Be6 9. Re1 Re8 10. c3 Qd7 11. Kh2 Bxf2 12. Re2 Bb6 13. Nf1 dxe4 14. Nxe5 Nxe5
15. Nd2 Nf3+ 16. Kh1 Bxh3 17. dxe4 Bxg2+ 18. Kxg2 Ng1 19. Re1 Qh3# 0-1

[Event "Campbell mem."]
[Site "Winnipeg CAN"]
[Date "2016.11.08"]
[Round "2"]
[White "Green, Jim"]
[Black "Einarsson, Ken"]
[Result "1-0"]
[WhiteElo "1776"]
[BlackElo "1762"]
[PlyCount "111"]
[EventDate "2016.11.01"]
[EventType "swiss"]
[EventRounds "7"]
[EventCountry "CAN"]

1. e4 c6 2. d4 d5 3. e5 Bf5 4. Nc3 e6 5. g4 Bg6 6. Nge2 h6 7. h4 Bb4 8. Bd2 Nd7
9. Nf4 Bh7 10. Bd3 Bxd3 11. Nxd3 Ba5 12. Qe2 Rc8 13. b4 Bb6 14. Nc5 Nxc5 15.
bxc5 Ba5 16. Kf1 Ne7 17. h5 b6 18. Na4 Bxd2 19. Qxd2 bxc5 20. Nxc5 O-O 21. Rb1
Rb8 22. Kg2 Rb5 23. Rxb5 cxb5 24. Rb1 a6 25. Nxa6 Qa8 26. Nb4 Rc8 27. c3 Qa4
28. Nd3 Nc6 29. g5 Nxd4 30. cxd4 Qxd4 31. f3 hxg5 32. Rxb5 g4 33. Qe2 gxf3+ 34.
Qxf3 Rc2+ 35. Nf2 Qxe5 36. a4 Qg5+ 37. Qg3 Qxh5 38. Rb8+ Kh7 39. Rb4 Rc4 40.
Qd3+ f5 41. Rxc4 dxc4 42. Qxc4 Qe8 43. Qb5 Qa8+ 44. Kg1 Kg6 45. a5 Kf6 46. a6
Qc8 47. Qb2+ e5 48. a7 f4 49. Qb8 Qc1+ 50. Kh2 Qe3 51. a8=Q Qg3+ 52. Kh1 Qxf2
53. Qf8+ Kg6 54. Qae8+ Kh6 55. Qh8+ Kg5 56. Qxe5+ 1-0

[Event "Campbell mem."]
[Site "Winnipeg CAN"]
[Date "2016.11.08"]
[Round "2"]
[White "Letain, Cory"]
[Black "Pryce, Brian"]
[Result "0-1"]
[WhiteElo "1731"]
[BlackElo "1793"]
[PlyCount "98"]
[EventDate "2016.11.01"]
[EventType "swiss"]
[EventRounds "7"]
[EventCountry "CAN"]

1. d4 c6 2. c4 d5 3. cxd5 cxd5 4. Nf3 Nc6 5. Nc3 Nf6 6. Bg5 Bg4 7. Bxf6 gxf6 8.
e3 e6 9. a3 a6 10. h3 Bh5 11. g4 Bg6 12. Bd3 Bd6 13. Bxg6 hxg6 14. e4 dxe4 15.
Nxe4 Be7 16. Rc1 Qa5+ 17. Qd2 Qxd2+ 18. Nexd2 Rd8 19. Nb3 O-O 20. h4 Rd5 21. h5
Rfd8 22. hxg6 fxg6 23. Nc5 Nxd4 24. Nxd4 Rxc5 25. Rxc5 Bxc5 26. Ne2 e5 27. Nc3
Rd4 28. f3 Rd3 29. Rh3 b5 30. Ne4 Be7 31. Nd2 Re3+ 32. Kd1 a5 33. Kc2 a4 34.
Ne4 f5 35. gxf5 gxf5 36. Rg3+ Kf7 37. Nc3 e4 38. Nxb5 exf3 39. Rg1 f2 40. Rf1
Bh4 41. Nd6+ Kg6 42. Nc4 Re1 43. Nd2 Kh5 44. b3 Kg4 45. bxa4 Kg3 46. a5 Bg5 47.
a6 Re2 48. a7 Rxd2+ 49. Kc3 Rd8 0-1

[Event "Campbell mem."]
[Site "Winnipeg CAN"]
[Date "2016.11.08"]
[Round "2"]
[White "Magyar, Peter"]
[Black "Gannon, Keith"]
[Result "1/2-1/2"]
[WhiteElo "1598"]
[BlackElo "1623"]
[PlyCount "158"]
[EventDate "2016.11.01"]
[EventType "swiss"]
[EventRounds "7"]
[EventCountry "CAN"]

1. d4 d5 2. Bf4 Nf6 3. Nf3 Nc6 4. e3 e6 5. Be2 Be7 6. Nbd2 Bd7 7. c3 a6 8. h3
O-O 9. O-O b5 10. a3 Rb8 11. Bd3 a5 12. Qc2 h6 13. Rfe1 Bd6 14. Ne5 Bxe5 15.
Bxe5 Nxe5 16. dxe5 Ne8 17. f4 c5 18. Nf1 b4 19. cxb4 c4 20. Be2 axb4 21. a4 b3
22. Qc3 Qb6 23. a5 Qa7 24. Kh2 Nc7 25. Bf3 Nb5 26. Qd2 Rfc8 27. Qf2 Bc6 28. Ng3
g6 29. h4 d4 30. Ne4 Bxe4 31. Bxe4 c3 32. h5 dxe3 33. Qg3 Kh8 34. hxg6 fxg6 35.
Qxg6 Qg7 36. bxc3 Qxg6 37. Bxg6 Rxc3 38. a6 Na7 39. Bh5 b2 40. Rab1 Ra3 41. Be2
Nc6 42. Bc4 Nd4 43. Red1 Nc2 44. Rd7 Ra1 45. Rdd1 Rxb1 46. Rxb1 Na3 47. a7 Ra8
48. Rxb2 Rxa7 49. Bxe6 Rc7 50. Bg4 Kg7 51. f5 Nc2 52. e6 Kf6 53. Rb8 Kg7 54.
Rb5 Nd4 55. Re5 e2 56. Bxe2 Nxe2 57. Rxe2 Re7 58. Rd2 Kf6 59. g4 h5 60. Kg3
hxg4 61. Kxg4 Rg7+ 62. Kf4 Rg5 63. Rd5 Rg1 64. Rd3 Rf1+ 65. Rf3 Ra1 66. Re3
Rf1+ 67. Rf3 Ra1 68. Re3 Rf1+ 69. Kg3 Ke7 70. Rf3 Rg1+ 71. Kh2 Rg8 72. Rg3 Rh8+
73. Rh3 Rf8 74. Rh7+ Kf6 75. e7 Re8 76. Kg3 Kxf5 77. Kf3 Ke6 78. Ke4 Rxe7 79.
Rxe7+ Kxe7 1/2-1/2

[Event "Campbell mem."]
[Site "Winnipeg CAN"]
[Date "2016.11.08"]
[Round "2"]
[White "Marshall, Carter"]
[Black "Trueman, Francis"]
[Result "1-0"]
[WhiteElo "1430"]
[BlackElo "1429"]
[PlyCount "39"]
[EventDate "2016.11.01"]
[EventType "swiss"]
[EventRounds "7"]
[EventCountry "CAN"]

1. e4 d6 2. d4 Nf6 3. Nc3 g6 4. Nf3 Bg7 5. Bc4 O-O 6. Qe2 Nbd7 7. Be3 e5 8. d5
a5 9. Bb5 Nb8 10. h4 c6 11. Bc4 b5 12. Bd3 Bd7 13. dxc6 Bxc6 14. Bg5 Nbd7 15.
Bxb5 Qc7 16. Qc4 Nc5 17. Bxf6 Bxf6 18. Bxc6 Qxc6 19. Nd5 Bg7 20. Ne7+ 1-0

[Event "Campbell mem."]
[Site "Winnipeg CAN"]
[Date "2016.11.15"]
[Round "3"]
[White "Einarsson, Ken"]
[Black "Czarny, Keith"]
[Result "0-1"]
[WhiteElo "1762"]
[BlackElo "1637"]
[PlyCount "32"]
[EventDate "2016.11.01"]
[EventType "swiss"]
[EventRounds "7"]
[EventCountry "CAN"]

1. d4 e6 2. c4 f5 3. Nf3 Nf6 4. Bg5 Be7 5. e3 O-O 6. Be2 b6 7. O-O Bb7 8. Nc3
d6 9. Rc1 Nbd7 10. Re1 Rc8 11. Nd2 e5 12. d5 e4 13. f3 exf3 14. Nxf3 Ng4 15.
Bxe7 Qxe7 16. Nd4 Qxe3+ 0-1

[Event "Campbell mem."]
[Site "Winnipeg CAN"]
[Date "2016.11.15"]
[Round "3"]
[White "Gannon, Keith"]
[Black "Letain, Cory"]
[Result "0-1"]
[WhiteElo "1623"]
[BlackElo "1731"]
[PlyCount "82"]
[EventDate "2016.11.01"]
[EventType "swiss"]
[EventRounds "7"]
[EventCountry "CAN"]

1. e4 e5 2. Nf3 Nf6 3. Nc3 Bb4 4. d3 d5 5. exd5 Nxd5 6. Bd2 Nc6 7. Nxd5 Bxd2+
8. Qxd2 Qxd5 9. Be2 O-O 10. O-O Bg4 11. h3 Bh5 12. c3 e4 13. Ne1 Bxe2 14. Qxe2
Rae8 15. dxe4 Rxe4 16. Qd3 Rd8 17. Qxd5 Rxd5 18. Nf3 h6 19. Rfe1 Rf4 20. Re8+
Kh7 21. Rae1 Nd8 22. b3 Ne6 23. Rb8 b6 24. c4 Rdf5 25. Ra8 a5 26. Rc8 a4 27.
Re3 Nd4 28. Nxd4 Rxd4 29. Rxc7 Rd1+ 30. Kh2 Rxf2 31. Kg3 Rdd2 32. bxa4 Rxa2 33.
Ree7 Rxg2+ 34. Kf3 Raf2+ 35. Ke4 f5+ 36. Kd5 f4 37. Kc6 Rg6+ 38. Kb5 Rb2+ 39.
Ka6 b5+ 40. Ka5 bxa4 41. Kxa4 Ra6# 0-1

[Event "Campbell mem."]
[Site "Winnipeg CAN"]
[Date "2016.11.15"]
[Round "3"]
[White "Marshall, Ken"]
[Black "Magyar, Peter"]
[Result "1/2-1/2"]
[WhiteElo "1456"]
[BlackElo "1596"]
[PlyCount "83"]
[EventDate "2016.11.01"]
[EventType "swiss"]
[EventRounds "7"]
[EventCountry "CAN"]

1. e4 e6 2. d4 d5 3. Nd2 Nf6 4. e5 Nfd7 5. Ngf3 Be7 6. Bd3 O-O 7. O-O Nc6 8. c3
h6 9. Nb3 b6 10. Be3 a5 11. Bc2 a4 12. Nc1 f6 13. Qd3 f5 14. Qd1 Rf7 15. Bxa4
Na5 16. Nd3 Ba6 17. Bc2 c5 18. Re1 Nf8 19. dxc5 Bxd3 20. Bxd3 bxc5 21. a3 Nc6
22. b4 c4 23. Bc2 Ng6 24. Bc5 Bxc5 25. bxc5 Qc7 26. Nd4 Nf4 27. Nxc6 Qxc6 28.
Qd4 g5 29. a4 Ra5 30. Rab1 Kg7 31. Rb6 Qxc5 32. Qxc5 Rxc5 33. Rb5 Rcc7 34. a5
Ra7 35. Kf1 Rfc7 36. Ra1 Nd3 37. Bxd3 cxd3 38. Rb6 Kf7 39. a6 d4 40. Rb7 Ke7
41. Rb2 Kd8 42. Rb8+ 1/2-1/2

[Event "Campbell mem."]
[Site "Winnipeg CAN"]
[Date "2016.11.15"]
[Round "3"]
[White "Pryce, Brian"]
[Black "Green, Jim"]
[Result "0-1"]
[WhiteElo "1793"]
[BlackElo "1776"]
[PlyCount "106"]
[EventDate "2016.11.01"]
[EventType "swiss"]
[EventRounds "7"]
[EventCountry "CAN"]

1. d4 f5 2. c4 Nf6 3. Nc3 e6 4. Bg5 Be7 5. e3 O-O 6. Nf3 d6 7. Be2 Ne4 8. Bxe7
Qxe7 9. Qc2 Nxc3 10. Qxc3 b6 11. d5 e5 12. O-O-O Nd7 13. Rdf1 a5 14. h3 Nc5 15.
Nd2 Bd7 16. f3 c6 17. dxc6 Bxc6 18. Kb1 a4 19. a3 Rfb8 20. Rd1 Rb7 21. g4 f4
22. h4 Rab8 23. exf4 exf4 24. Rde1 Qf8 25. h5 h6 26. g5 Qf5+ 27. Ka2 hxg5 28.
Reg1 Re8 29. Rh2 Re3 30. Qc1 Qf6 31. Rhg2 Rbe7 32. Rxg5 Rxe2 33. Rg6 Qd4 34. h6
Kh7 35. Qc2 Qd3 36. hxg7 Kg8 37. Qxd3 Nxd3 38. Rxd6 Rxd2 39. Rxc6 Rxb2+ 40. Ka1
Re8 41. Rh6 Kf7 42. Rh8 Rg8 43. Rh7 Re2 44. Rh6 Re1+ 45. Rxe1 Nxe1 46. Rxb6
Rxg7 47. Rb7+ Kf6 48. Rxg7 Kxg7 49. Kb2 Nxf3 50. Kc3 Ne5 51. Kd4 Kf6 52. c5 f3
53. Ke3 Ke6 0-1

[Event "Campbell mem."]
[Site "Winnipeg CAN"]
[Date "2016.11.15"]
[Round "3"]
[White "Trueman, Francis"]
[Black "Mandusic, Ante"]
[Result "1-0"]
[WhiteElo "1429"]
[BlackElo "1233"]
[PlyCount "109"]
[EventDate "2016.11.01"]
[EventType "swiss"]
[EventRounds "7"]
[EventCountry "CAN"]

1. Nf3 d6 2. d3 e5 3. Nbd2 g6 4. g3 Bg7 5. Bg2 Be6 6. O-O Nf6 7. Re1 O-O 8. e4
c5 9. Nf1 Nc6 10. c3 b5 11. h4 a5 12. Bd2 Rb8 13. Ne3 b4 14. Nh2 bxc3 15. bxc3
Rb2 16. Nd5 Qd7 17. Bg5 Ng4 18. Nxg4 Bxg4 19. f3 Bh3 20. Re2 Rxe2 21. Qxe2 Bxg2
22. Qxg2 Qa7 23. Qd2 f6 24. Be3 Qd7 25. Kg2 f5 26. exf5 Rxf5 27. Rf1 Rh5 28.
Bg5 Rxg5 29. hxg5 Qe6 30. Ne3 d5 31. Rb1 d4 32. Ng4 Bf8 33. Nf6+ Kh8 34. Rb7
Bg7 35. Ne4 Nd8 36. Rb5 Bf8 37. c4 Qc8 38. Rxa5 Ne6 39. Rb5 Bd6 40. Nxd6 Qa6
41. Nf7+ Kg7 42. Nh6 Nc7 43. Rb8 Qe6 44. Rg8+ Qxg8 45. Nxg8 Kxg8 46. a4 Na6 47.
a5 Kf7 48. Qe2 Ke6 49. Qe4 Nb4 50. f4 Na6 51. Qc6+ Kf5 52. Qxa6 Kg4 53. Qc8+
Kh5 54. a6 e4 55. Qh3# 1-0

[Event "Campbell mem."]
[Site "Winnipeg CAN"]
[Date "2016.11.22"]
[Round "4"]
[White "Gannon, Keith"]
[Black "Pryce, Brian"]
[Result "0-1"]
[WhiteElo "1623"]
[BlackElo "1793"]
[PlyCount "82"]
[EventDate "2016.11.01"]
[EventType "swiss"]
[EventRounds "7"]
[EventCountry "CAN"]

1. d4 c6 2. c4 d5 3. e3 Nf6 4. Nf3 Bg4 5. Nbd2 e6 6. a3 Qa5 7. Be2 Bxf3 8. Bxf3
dxc4 9. Qc2 b5 10. O-O Nd5 11. Bxd5 cxd5 12. e4 Qd8 13. b3 Be7 14. exd5 exd5
15. bxc4 bxc4 16. Qa4+ Qd7 17. Qxd7+ Nxd7 18. Re1 f6 19. Bb2 Rb8 20. Bc3 Kf7
21. Rab1 Rxb1 22. Rxb1 Rb8 23. Rxb8 Nxb8 24. Nb1 Nc6 25. Kf1 a5 26. Ke2 a4 27.
f4 f5 28. h3 h5 29. Ke3 Na7 30. Ba5 Nb5 31. Nc3 Nxc3 32. Bxc3 Bxa3 33. g4 Bc1+
34. Kf3 hxg4+ 35. hxg4 fxg4+ 36. Kxg4 a3 37. Kf5 Bb2 38. Bxb2 axb2 39. Ke5 b1=Q
40. Kxd5 Qb5+ 41. Ke4 Ke6 0-1

[Event "Campbell mem."]
[Site "Winnipeg CAN"]
[Date "2016.11.22"]
[Round "4"]
[White "Magyar, Peter"]
[Black "Trueman, Francis"]
[Result "0-1"]
[WhiteElo "1598"]
[BlackElo "1429"]
[PlyCount "78"]
[EventDate "2016.11.01"]
[EventType "swiss"]
[EventRounds "7"]
[EventCountry "CAN"]

1. d4 Nf6 2. Bf4 d6 3. Nf3 g6 4. h3 Bg7 5. e3 O-O 6. Nbd2 Nbd7 7. c3 Re8 8. Be2
e5 9. dxe5 dxe5 10. Bh2 a5 11. O-O Qe7 12. e4 Nc5 13. Nxe5 Nfxe4 14. Nef3 Rd8
15. Qe1 Bh6 16. Rd1 Bf5 17. Nxe4 Nxe4 18. Bc4 Rxd1 19. Qxd1 Rd8 20. Qe2 Re8 21.
Ne5 Nd6 22. Bb3 a4 23. Bxa4 f6 24. Bxe8 Qxe8 25. Qd1 fxe5 26. Qd5+ Be6 27. Qf3
Bf5 28. Qd5+ Be6 29. Qc5 Qf7 30. Bxe5 Ne4 31. Qd4 Bd5 32. c4 c5 33. Qd3 Bc6 34.
b3 Qe6 35. Ba1 Qf7 36. Qd8+ Be8 37. Re1 Qxf2+ 38. Kh1 Qxe1+ 39. Kh2 Bf4+ 0-1

[Event "Campbell mem."]
[Site "Winnipeg CAN"]
[Date "2016.11.22"]
[Round "4"]
[White "Marshall, Carter"]
[Black "Mandusic, Ante"]
[Result "1-0"]
[WhiteElo "1430"]
[BlackElo "1233"]
[PlyCount "49"]
[EventDate "2016.11.01"]
[EventType "swiss"]
[EventRounds "7"]
[EventCountry "CAN"]

1. e4 Nc6 2. Nf3 e5 3. Bb5 Nf6 4. Bxc6 bxc6 5. Nc3 Bc5 6. d4 Bb6 7. Nxe5 O-O 8.
O-O Bb7 9. Nc4 Ba5 10. Nxa5 Ba6 11. Re1 d5 12. e5 Nd7 13. Nxc6 Qe8 14. Nxd5 Qe6
15. Nxc7 Qxc6 16. Nxa8 Qxa8 17. Qf3 Bb7 18. Qg3 Be4 19. c3 Nb6 20. b3 Rc8 21.
Bg5 h6 22. Bxh6 g6 23. Qh4 Bxg2 24. Qf6 Rf8 25. Qg7# 1-0

[Event "Campbell mem."]
[Site "Winnipeg CAN"]
[Date "2016.11.22"]
[Round "4"]
[White "Marshall, Ken"]
[Black "Einarsson, Ken"]
[Result "0-1"]
[WhiteElo "1456"]
[BlackElo "1762"]
[PlyCount "76"]
[EventDate "2016.11.01"]
[EventType "swiss"]
[EventRounds "7"]
[EventCountry "CAN"]

1. e4 c6 2. d4 d5 3. Nd2 dxe4 4. Nxe4 Bf5 5. Bd3 e6 6. Nf3 Bxe4 7. Bxe4 Nf6 8.
Bg5 Be7 9. Bd3 O-O 10. O-O h6 11. Bxf6 Bxf6 12. c3 Qc7 13. Re1 Nd7 14. Qd2 c5
15. Rac1 cxd4 16. Nxd4 Bg5 17. Nb5 Bxd2 18. Nxc7 Rac8 19. Rcd1 Bxe1 20. Nb5
Bxf2+ 21. Kxf2 a6 22. Nd6 Rc7 23. Be4 Nc5 24. Bf3 b5 25. b4 Na4 26. Ne4 Nxc3
27. Nxc3 Rxc3 28. Kg3 f5 29. h3 e5 30. Kh2 e4 31. Bh5 f4 32. Re1 e3 33. Bf3 Rd8
34. Bg4 Rd2 35. Be6+ Kf8 36. Bg4 Rcc2 37. Bf3 Rf2 38. Be4 Rxa2 0-1

[Event "Campbell mem."]
[Site "Winnipeg CAN"]
[Date "2016.11.29"]
[Round "5"]
[White "Einarsson, Ken"]
[Black "Trueman, Francis"]
[Result "1-0"]
[WhiteElo "1762"]
[BlackElo "1429"]
[PlyCount "87"]
[EventDate "2016.11.01"]
[EventType "swiss"]
[EventRounds "7"]
[EventCountry "CAN"]

1. d4 Nf6 2. c4 d6 3. Nc3 g6 4. Bg5 Bg7 5. e3 O-O 6. Nf3 Nbd7 7. Be2 Re8 8. O-O
h6 9. Bh4 e5 10. d5 a5 11. Ne4 Nf8 12. Bd3 Bf5 13. Nxf6+ Bxf6 14. Bxf5 Bxh4 15.
Nxh4 Qxh4 16. Bd3 Nd7 17. g3 Qe7 18. e4 c5 19. f4 f6 20. Qd2 exf4 21. Qxf4 Kg7
22. b3 Ne5 23. Bc2 Rf8 24. Rf2 Rf7 25. Raf1 Raf8 26. Qd2 b6 27. a3 Qd7 28. Bd1
Qe7 29. Qc2 Qd7 30. Rf4 Qe7 31. Be2 Qd7 32. Qc3 h5 33. b4 axb4 34. axb4 Ng4 35.
bxc5 bxc5 36. Rb1 Re8 37. Bd1 g5 38. Rf5 Rxe4 39. Rxg5+ Kh6 40. Bc2 Kxg5 41.
Bxe4 Kh6 42. Qf3 Rg7 43. Qf4+ Rg5 44. h4 1-0

[Event "Campbell mem."]
[Site "Winnipeg CAN"]
[Date "2016.11.29"]
[Round "5"]
[White "Gannon, Keith"]
[Black "Marshall, Carter"]
[Result "0-1"]
[WhiteElo "1623"]
[BlackElo "1430"]
[PlyCount "56"]
[EventDate "2016.11.01"]
[EventType "swiss"]
[EventRounds "7"]
[EventCountry "CAN"]

1. e4 e5 2. Nf3 d6 3. Bc4 Nf6 4. Nc3 Be7 5. d4 exd4 6. Nxd4 O-O 7. Be3 a6 8.
Nd5 Nxe4 9. Qd3 Nc5 10. Nxe7+ Qxe7 11. Qc3 Bd7 12. O-O-O Nc6 13. Nxc6 Bxc6 14.
Rhe1 Ne6 15. f3 Rfe8 16. Bd4 Qg5+ 17. Rd2 Nxd4 18. Kd1 Rxe1+ 19. Kxe1 Re8+ 20.
Kd1 Ne6 21. Re2 d5 22. Bd3 d4 23. Qe1 Bb5 24. h4 Qf6 25. Bxb5 axb5 26. Qb4 c6
27. g4 Qxf3 28. Qxd4 Qxe2+ 0-1

[Event "Campbell mem."]
[Site "Winnipeg CAN"]
[Date "2016.11.29"]
[Round "5"]
[White "Mandusic, Ante"]
[Black "Marshall, Ken"]
[Result "0-1"]
[WhiteElo "1233"]
[BlackElo "1456"]
[PlyCount "94"]
[EventDate "2016.11.01"]
[EventType "swiss"]
[EventRounds "7"]
[EventCountry "CAN"]

1. d4 d5 2. e3 Nf6 3. Nc3 Bf5 4. Bd3 e6 5. Nge2 Be4 6. f3 Bxd3 7. Qxd3 c6 8. b3
Nbd7 9. Bb2 Bb4 10. O-O-O Qe7 11. Kb1 a5 12. g4 a4 13. Nxa4 b5 14. Nac3 O-O 15.
h4 h5 16. g5 Nh7 17. Rdg1 g6 18. f4 Ba3 19. Bxa3 Rxa3 20. Nc1 b4 21. N3e2 Rfa8
22. e4 Qd8 23. Nc3 bxc3 24. Qxc3 Qc7 25. e5 c5 26. Rd1 c4 27. Rh3 Qa5 28. Qxa5
R3xa5 29. a4 Nb6 30. b4 Rxa4 31. Na2 Rxa2 32. Kc1 R8a4 33. Kd2 Rxb4 34. Rc3 Na4
35. Re3 c3+ 36. Kd3 Nb2+ 37. Ke2 Nxd1 38. Kxd1 Ra1+ 39. Ke2 Ra3 40. Kd3 Rb1 41.
Ke2 Rc1 42. Kd3 Rd1+ 43. Ke2 Rxd4 44. Kf3 Rd2 45. Kg3 Rxc2 46. Rf3 Rca2 47.
Rxc3 Rxc3# 0-1

[Event "Campbell mem."]
[Site "Winnipeg CAN"]
[Date "2016.12.13"]
[Round "6"]
[White "Gannon, Keith"]
[Black "Einarsson, Ken"]
[Result "0-1"]
[WhiteElo "1623"]
[BlackElo "1762"]
[PlyCount "50"]
[EventDate "2016.11.01"]
[EventType "swiss"]
[EventRounds "7"]
[EventCountry "CAN"]

1. d4 d5 2. Nf3 Nf6 3. e3 Bg4 4. Be2 e6 5. Ne5 Bxe2 6. Qxe2 c6 7. O-O Bd6 8. c4
Qc7 9. cxd5 Bxe5 10. dxe5 Qxe5 11. dxe6 Qxe6 12. Nc3 O-O 13. Rd1 Nbd7 14. Bd2
Nc5 15. f3 Rad8 16. e4 Rfe8 17. Bg5 h6 18. Rxd8 Rxd8 19. Bxf6 Qxf6 20. Rd1 Ne6
21. Rxd8+ Qxd8 22. Kf1 Qd4 23. a3 Nf4 24. h3 Nxe2 25. Kxe2 Qg1 0-1

[Event "Campbell mem."]
[Site "Winnipeg CAN"]
[Date "2016.12.13"]
[Round "6"]
[White "Letain, Cory"]
[Black "Marshall, Carter"]
[Result "1-0"]
[WhiteElo "1731"]
[BlackElo "1430"]
[PlyCount "91"]
[EventDate "2016.11.01"]
[EventType "swiss"]
[EventRounds "7"]
[EventCountry "CAN"]

1. d4 d5 2. c4 c6 3. cxd5 cxd5 4. Nf3 Nf6 5. Bf4 Bf5 6. e3 Nbd7 7. Bb5 Qa5+ 8.
Nc3 Ne4 9. Bxd7+ Bxd7 10. Qb3 Nxc3 11. Qxc3 Qxc3+ 12. bxc3 e6 13. O-O Rc8 14.
Rfb1 b6 15. Ne5 Ba4 16. a3 Rxc3 17. Rc1 Rxc1+ 18. Rxc1 Kd8 19. Nxf7+ Ke8 20.
Nxh8 Bxa3 21. Ra1 g5 22. Rxa3 gxf4 23. Rxa4 fxe3 24. fxe3 a5 25. Kf2 Kf8 26.
Kf3 Kg8 27. Kf4 Kf8 28. Ke5 Ke7 29. h4 h5 30. Ng6+ Kf7 31. Nf4 Ke7 32. Nxh5 Kf7
33. g4 Ke7 34. Ng7 Kd7 35. h5 Kc6 36. h6 Kb5 37. Ra1 a4 38. Rb1+ Kc4 39. Rxb6
Kc3 40. h7 Kc2 41. h8=Q a3 42. Qc8+ Kd3 43. Rb3+ Ke2 44. Qc2+ Kf3 45. e4+ Kxg4
46. Qg2+ 1-0

[Event "Campbell mem."]
[Site "Winnipeg CAN"]
[Date "2016.12.13"]
[Round "6"]
[White "Mandusic, Ante"]
[Black "Magyar, Peter"]
[Result "0-1"]
[WhiteElo "1233"]
[BlackElo "1598"]
[PlyCount "122"]
[EventDate "2016.11.01"]
[EventType "swiss"]
[EventRounds "7"]
[EventCountry "CAN"]

1. e4 e6 2. Bc4 d5 3. Bd3 Bc5 4. b3 Qf6 5. Nf3 Nh6 6. O-O O-O 7. c3 Bd6 8. e5
Bxe5 9. Nxe5 Qxe5 10. Bb2 c5 11. Re1 Qd6 12. c4 d4 13. a3 Nc6 14. a4 Ne5 15.
Be4 f5 16. Bf3 Nd3 17. Ra2 Nxe1 18. Qxe1 e5 19. Bd5+ Nf7 20. d3 Kh8 21. Nd2 Qb6
22. Ra3 Qd6 23. Nf3 Qc7 24. Bc1 Re8 25. Bd2 Be6 26. Bxe6 Rxe6 27. Kh1 Rae8 28.
Ng1 Qb8 29. Ra2 R8e7 30. Bc1 Qe8 31. f3 e4 32. Qd2 exd3 33. Qxd3 Ne5 34. Qd1
Nf7 35. Bd2 Ne5 36. Bg5 Rd7 37. Bf4 Nf7 38. Bd2 Rde7 39. f4 Nh6 40. Qb1 Ng4 41.
Qf1 Ne3 42. Qf3 Qc6 43. Qxc6 Rxc6 44. Be1 Ng4 45. Nf3 Rce6 46. Ra1 Re2 47. Kg1
Ne3 48. Bf2 Rb2 49. Rd1 Nxd1 50. g3 Nxf2 51. Kg2 Ng4+ 52. Kh3 Rxb3 53. a5 d3
54. a6 bxa6 55. Nd2 Nf2+ 56. Kh4 Rb2 57. Nf3 d2 58. Ng5 Kg8 59. Nh3 Nxh3 60.
Kxh3 d1=Q 61. g4 Qxg4# 0-1

[Event "Campbell mem."]
[Site "Winnipeg CAN"]
[Date "2016.12.13"]
[Round "6"]
[White "Marshall, Ken"]
[Black "Pryce, Brian"]
[Result "0-1"]
[WhiteElo "1456"]
[BlackElo "1793"]
[PlyCount "90"]
[EventDate "2016.11.01"]
[EventType "swiss"]
[EventRounds "7"]
[EventCountry "CAN"]

1. e4 c6 2. d4 d5 3. Nd2 e6 4. e5 c5 5. Ngf3 cxd4 6. Nxd4 Qb6 7. N2f3 Bc5 8.
Be2 Nc6 9. c3 a5 10. O-O Nge7 11. b3 Ng6 12. Be3 Ngxe5 13. Nxe5 Nxe5 14. a3 Nc6
15. b4 axb4 16. axb4 Rxa1 17. Qxa1 Bxd4 18. Bxd4 Nxd4 19. cxd4 O-O 20. Qc3 Bd7
21. Ra1 g6 22. h3 Rc8 23. Qb2 Bb5 24. Bd1 Qc7 25. Qd2 Qc3 26. Qxc3 Rxc3 27. Bf3
Rb3 28. Ra8+ Kg7 29. Rb8 Bc6 30. Ra8 Rxb4 31. g4 Rxd4 32. h4 e5 33. Rd8 e4 34.
Bg2 e3 35. fxe3 Rxg4 36. e4 dxe4 37. Rd4 Rxh4 38. Kf1 f5 39. Ke2 Rg4 40. Bh3
Rg3 41. Bf1 Bb5+ 42. Kf2 Rf3+ 43. Ke1 Rxf1+ 44. Kd2 h5 45. Rb4 Bc6 0-1